000 00796nam a2200217 a 4500
001 44180
003 BD-RjUL
005 20211209053818.0
008 160714s1992 bg ||||| |||| 00| 0 eng d
035 _a(BD-RjUL)44298
040 _aBD-RjUL
_bben
_cBD-RjUL
_dBD-RjUL
041 _aben
082 _223
_aB 891.443
_bMIB 1992
100 _aমিরবর, কল্যাণ
_9135652
245 _aবাংলাদেশের উপন্যাস :
_bচার দশক /
_cকল্যাণ মিরবর
260 _aকলকাতা :
_bপুস্তক বিপনী,
_c১৯৯২
300 _a৩০৪ পৃ. ;
_c২১ সে.মি.
650 _2উপন্যাস
_aবাংলাদেশ
_9135653
650 _2Fiction
_aBangladesh
_9135654
942 _2ddc
_cBK
_01
999 _c44180
_d44180